Southville International School and Colleges
Your cart is empty.
  • Cart
  • Lists
    Public lists Eva Luna New books Lux_list list_1
    Your lists Log in to create your own lists
  • Log in to your account
  • Your cookies
  • Search history
Southville International School and Colleges
  • Advanced search
  • Recent comments
  • Most popular
  • Libraries

Log in to your account

Log in with GOOGLE


If you do not have an external account, but do have a local account, you can still log in:

  1. Home
  2. MARC view: Build Your Own PC /
Normal view MARC view ISBD view

Build Your Own PC / (Record no. 19621)

[ view plain ]
MARC details
000 -LEADER
fixed length control field 00514nam a2200181 a 4500
005 - DATE AND TIME OF LATEST TRANSACTION
control field 20140310183149.0
008 - FIXED-LENGTH DATA ELEMENTS--GENERAL INFORMATION
fixed length control field 030428s19uu xx 00 eng d
020 ## - INTERNATIONAL STANDARD BOOK NUMBER
International Standard Book Number 0-07-120363-X
050 ## - LIBRARY OF CONGRESS CALL NUMBER
Classification number TK 7888.3
Item number .R675 2001
100 ## - MAIN ENTRY--PERSONAL NAME
Personal name Rosenthal, Morris
245 ## - TITLE STATEMENT
Title Build Your Own PC /
Statement of responsibility, etc Morris Rosenthal.
260 ## - PUBLICATION, DISTRIBUTION, ETC. (IMPRINT)
Place of publication, distribution, etc New York :
Name of publisher, distributor, etc McGraw Hill,
Date of publication, distribution, etc 2001.
300 ## - PHYSICAL DESCRIPTION
Extent xiv, 223 p. :
Other physical details ill. ;
Dimensions 26 cm
521 ## - TARGET AUDIENCE NOTE
Target audience note
546 ## - LANGUAGE NOTE
Language note C0808
650 ## - SUBJECT ADDED ENTRY--TOPICAL TERM
Topical term or geographic name as entry element Microcomputers
General subdivision design & construction
942 ## - ADDED ENTRY ELEMENTS (KOHA)
Koha item type Books
Source of classification or shelving scheme Library of Congress Classification
Call number prefix Foreign
Holdings
Withdrawn status Lost status Source of classification or shelving scheme Damaged status Home library Current library Shelving location Date acquired Total Checkouts Full call number Barcode Date last seen Copy number Price effective from Koha item type
    Library of Congress Classification   College Library College Library General Circulation Section 12/03/2013   TK 7888.3 .R675 2001 C0808 05/15/2018 1 12/03/2013 Books

Build Your Own PC /

APA

Rosenthal M., . (2001). Build Your Own PC. New York: McGraw Hill.

Chicago

Rosenthal Morris, . 2001. Build Your Own PC. New York: McGraw Hill.

Harvard

Rosenthal M., . (2001). Build Your Own PC. New York: McGraw Hill.

MLA

Rosenthal Morris, . Build Your Own PC. New York: McGraw Hill. 2001.

  • Place hold
  • Print
  • Cite
  • Add to your cart (remove)
  • Save record
    BIBTEX Dublin Core MARCXML MARC (non-Unicode/MARC-8) MARC (Unicode/UTF-8) MARC (Unicode/UTF-8, Standard) MODS (XML) RIS
  • More searches
    Search for this title in:
    Other Libraries (WorldCat) Other Databases (Google Scholar) Online Stores (Bookfinder.com) Open Library (openlibrary.org)

Exporting to Dublin Core...

SOUTHVILLE LIBRARY

Southville International School and Colleges Library

1281 Tropical Ave. Cor. Luxembourg St., BF Homes International, Las Pinas City

Tel. No. 8256374 / 252358 Loc. 117/146

Powered by Koha